| 000 | 00717nam a22002057a 4500 | ||
|---|---|---|---|
| 999 |
_c20206 _d20206 |
||
| 003 | AR-CdUCM | ||
| 008 | 190401b ||||| |||| 00| 0 spa d | ||
| 040 |
_aMUNICIPALIDAD PROVINCIAL DEL CUSCO _cBIBLIOTECA MUNICIPAL DEL CUSCO |
||
| 082 |
_a343.280 / _bP26 |
||
| 100 |
_aPareja paz Soldán, José _93671 |
||
| 245 | _aDerecho constitucional Peruano / | ||
| 260 |
_aLima : _c1951. |
||
| 300 |
_a421 paginas ; _c25 cm. |
||
| 505 | _aContenido : La evolución constitucional del Perú -- La constitución de 1823 -- La constitución de 1826... | ||
| 650 |
_aEvolución de la Constitución _942234 |
||
| 650 |
_aHistoria de las constituciones _942235 |
||
| 650 |
_aPerú _935 |
||
| 942 |
_2ddc _cLIBROS |
||
| 945 | _arcc | ||